000 00350nam a2200157Ia 4500
003 OSt
005 20240115113333.0
008 170524s9999 xx 000 0 und d
020 _a9788126537075
040 _cIIMT UNIVERSITY
100 _aBLACK-KEN
100 _c2012
245 0 _aAPPLIED BUSINESS STATISTICS
260 _aWILEY
942 _2ddc
_c02
999 _c2670
_d2670